Urban development in ancient India (Record no. 744)

MARC details
000 -LEADER
fixed length control field 00826 a2200217 4500
008 - FIXED-LENGTH DATA ELEMENTS--GENERAL INFORMATION
fixed length control field 080820t xxu||||| |||| 00| 0 eng d
010 ## - LIBRARY OF CONGRESS CONTROL NUMBER
LC control number ENG-84918
020 ## - INTERNATIONAL STANDARD BOOK NUMBER
International Standard Book Number .
Terms of availability 307.121654
035 ## - SYSTEM CONTROL NUMBER
System control number EN-68451
037 ## - SOURCE OF ACQUISITION
Source of stock number/acquisition D.B.Act / Pub
082 ## - DEWEY DECIMAL CLASSIFICATION NUMBER
Classification number 307.121654
100 ## - MAIN ENTRY--PERSONAL NAME
Personal name Chakravarti, Adhir.
245 ## - TITLE STATEMENT
Title Urban development in ancient India
Statement of responsibility, etc Adhir Chakravarti.
260 ## - PUBLICATION, DISTRIBUTION, ETC. (IMPRINT)
Place of publication, distribution, etc Kolkata
Name of publisher, distributor, etc The Asiatic Society
Date of publication, distribution, etc 2006.
300 ## - PHYSICAL DESCRIPTION
Extent xv, 596 p. ;
Dimensions 22 cm.
500 ## - GENERAL NOTE
General note Includes bibliographical references
650 ## - SUBJECT ADDED ENTRY--TOPICAL TERM
Topical term or geographic name as entry element Urbanization
Geographic subdivision India.
651 ## - SUBJECT ADDED ENTRY--GEOGRAPHIC NAME
Geographic name India
General subdivision History
Chronological subdivision 324 B.C.-1000 A.D.
942 ## - ADDED ENTRY ELEMENTS (KOHA)
Institution code [OBSOLETE] dpl
Koha item type English Books
Call number prefix 307.121654 / CHA
Source of classification or shelving scheme Dewey Decimal Classification
Classification part 307.121654 /
Call number suffix CHA
Holdings
Withdrawn status Lost status Damaged status Not for loan Home library Current library Date acquired Cost, normal purchase price Total Checkouts Full call number Barcode Date last seen Copy number Uniform Resource Identifier Cost, replacement price Price effective from Koha item type
        D.B.Act.Division D.B.Act.Division 20/08/2008 660.00   307.121654 / CHA EN-68451 15/09/2008 1 725 660.00 15/09/2008 English Books

© Delhi Public Library
Hit Counter
free hit counter